00342cam a2200121 a 4500020001500000040000800015082002600023100002500049245002900074250001200103260003500115300007000150 a0072322500 cDLC00a320 THO 2001 C284 Or.1 aPatterson, Thomas E.14aThe American democracy / a5th ed. aBoston :bMcGraw Hill,cc2001. axxxvi, 623, A-24, G-11, N-16, C-5, I-18 p. :bcol. ill. ;c26 cm.